000 01275cam a22003134a 4500
001 12903722
003 OSt
005 20160903160432.0
008 020822s2002 nyuab b 001 0 eng
010 _a 2002031802
020 _a0399149325 (acidfree paper)
040 _aDLC
_cDLC
_dDLC
042 _apcc
043 _ae-uk-en
050 0 0 _aHV6535.G6
_bL6335 2002
082 0 0 _aDFic
_22002
_bC81p
100 1 _aCornwell, Patricia Daniels.
245 1 0 _aPortrait of a killer :
_bJack the Ripper-- case closed /
_cPatricia Cornwell.
260 _aNew York :
_bPutnam's,
_c2002.
300 _a387 pages, [24] pages of plates :
_bcolor illustrations;
_c24 cm.
504 _aIncludes bibliographical references (p. [367]-379) and index.
650 0 _aFiction
_914067
856 4 1 _3Sample text
_uhttp://www.loc.gov/catdir/enhancements/fy0716/2002031802-s.html
856 4 2 _3Publisher description
_uhttp://www.loc.gov/catdir/enhancements/fy0716/2002031802-d.html
856 4 2 _3Contributor biographical information
_uhttp://www.loc.gov/catdir/enhancements/fy0716/2002031802-b.html
906 _a7
_bcbc
_corignew
_d1
_eocip
_f20
_gy-gencatlg
942 _2ddc
_cDFIC
999 _c4313
_d4313